[Event "Dvorkovich Memorial rapid op"]
[Site "Taganrog"]
[Date "2018.01.14"]
[Round "8"]
[White "Ivlev, Aleksey"]
[Black "Yermolenko, Vasily"]
[Result "1-0"]
[WhiteElo "2300"]
[BlackElo "2245"]
[PlyCount "91"]
[EventDate "2018.01.13"]
[EventType "swiss (rapid)"]
[EventRounds "11"]
[EventCountry "RUS"]
[SourceTitle "CBM 182 Extra"]
[Source "ChessBase"]
[SourceDate "2018.02.23"]
[SourceVersion "1"]
[SourceVersionDate "2018.02.23"]
[SourceQuality "1"]

1. d4 Nf6 2. Nf3 e6 3. c4 c5 4. d5 exd5 5. cxd5 d6 6. Nc3 g6 7. Bf4 a6 8. a4 Bg7 9. e3 0-0 10. h3 Ne8 11. Be2 Nd7 12. 0-0 h6 13. Bg3 f5 14. Nd2 Qe7 15. Nc4 b6 16. Re1 Rb8 17. Bf1 Ne5 18. Nd2 Nc7 19. f4 Nf7 20. e4 Bd4+ 21. Kh1 fxe4 22. Ndxe4 Qd8 23. Bd3 b5 24. axb5 axb5 25. Nd2 Bf5 26. Bxf5 gxf5 27. Qh5 Qf6 28. Bh4 Qg7 29. Ra7 b4 30. Ne2 Nb5 31. Nxd4 Nxd4 32. Nc4 Rbe8 33. Rxe8 Rxe8 34. Nxd6 Nxd6 35. Rxg7+ Kxg7 36. g4 Re2 37. g5 Nf7 38. gxh6+ Nxh6 39. d6 Nf7 40. d7 Rxb2 41. Qxf7+ Kxf7 42. d8Q Ke6 43. Be7 Nf3 44. Qd6+ Kf7 45. Qf6+ Ke8 46. Qxb2 1-0

[Event "Dvorkovich Memorial rapid op"]
[Site "Taganrog"]
[Date "2018.01.13"]
[Round "2"]
[White "Lugovskoy, Maxim"]
[Black "Yermolenko, Vasily"]
[Result "0-1"]
[WhiteElo "2459"]
[BlackElo "2245"]
[PlyCount "141"]
[EventDate "2018.01.13"]
[EventType "swiss (rapid)"]
[EventRounds "11"]
[EventCountry "RUS"]
[SourceTitle "CBM 182 Extra"]
[Source "ChessBase"]
[SourceDate "2018.02.23"]
[SourceVersion "1"]
[SourceVersionDate "2018.02.23"]
[SourceQuality "1"]

1. e4 Nf6 2. e5 Nd5 3. Nc3 Nb6 4. d4 d6 5. Nf3 Bg4 6. Be2 e6 7. Bg5 Be7 8. Bxe7 Qxe7 9. Qd2 Nc6 10. Qf4 Bf5 11. exd6 Qxd6 12. Qxd6 cxd6 13. 0-0-0 Nb4 14. a3 N4d5 15. Nxd5 Nxd5 16. Nh4 Bg6 17. Nxg6 hxg6 18. Bf3 Rc8 19. Kb1 Rc7 20. h4 Kd7 21. g4 Nf4 22. Rde1 b5 23. Re3 a6 24. Rb3 Rhc8 25. Rc1 d5 26. Re3 Rh8 27. Rh1 f6 28. c3 Kd6 29. h5 g5 30. Rd1 Re8 31. a4 bxa4 32. Kc2 Rb8 33. Ra1 Rcb7 34. Ra2 e5 35. dxe5+ fxe5 36. Re1 e4 37. Be2 Rb6 38. Bf1 Ne6 39. c4 Nd4+ 40. Kc1 a3 41. Rd1 Rxb2 42. Rxb2 axb2+ 43. Kb1 Kc5 44. cxd5 a5 45. d6 a4 46. d7 a3 47. Ka2 Nc6 48. Bg2 Rb4 49. Re1 Kd6 50. Bxe4 Kxd7 51. Bf5+ Kc7 52. Kxa3 Rb8 53. Ka2 Nb4+ 54. Kb1 Nd5 55. Kc2 Nb4+ 56. Kd2 Nd5 57. Re5 Kd6 58. Re6+ Kc5 59. Bb1 Kd4 60. Re4+ Kc5 61. Re5 Kd4 62. Rxg5 Rc8 63. Rxg7 Rc1 64. Bf5 b1Q 65. Bxb1 Rxb1 66. h6 Rb2+ 67. Ke1 Nf4 68. h7 Rb1+ 69. Kd2 Rh1 70. g5 Ke4 71. Re7+ 0-1

[Event "Azov Don Cup"]
[Site "Azov"]
[Date "2011.07.10"]
[Round "3"]
[White "Yermolenko, Vasily"]
[Black "Travkina, Anastasia"]
[Result "1-0"]
[WhiteElo "2264"]
[BlackElo "2176"]
[PlyCount "83"]
[EventDate "2011.07.09"]
[EventType "swiss"]
[EventRounds "9"]
[EventCountry "RUS"]
[SourceTitle "EXT 2012"]
[Source "ChessBase"]
[SourceDate "2011.11.24"]
[SourceVersion "1"]
[SourceVersionDate "2011.11.24"]
[SourceQuality "1"]

1. c4 e5 2. Nc3 Nc6 3. g3 Bc5 4. Bg2 d6 5. e3 a6 6. Nge2 Ba7 7. b3 Nge7 8. Bb2 0-0 9. h3 Bf5 10. d3 Qc8 11. a3 Nd8 12. Nd5 Re8 13. d4 Nxd5 14. cxd5 f6 15. Rc1 Qd7 16. dxe5 dxe5 17. g4 Bg6 18. Ng3 Nf7 19. h4 Nd6 20. Bh3 Bf7 21. e4 Qb5 22. a4 Qb6 23. 0-0 Rad8 24. Ba3 Qd4 25. Bxd6 cxd6 26. Rc7 Qb6 27. Qc2 Bb8 28. Rc4 g6 29. b4 a5 30. Rb1 Re7 31. g5 fxg5 32. hxg5 Be8 33. Nf1 Bd7 34. Bxd7 Rexd7 35. Ne3 Rf8 36. Ng4 Rc7 37. Rxc7 Bxc7 38. Nf6+ Rxf6 39. gxf6 Kf7 40. bxa5 Qxa5 41. Rxb7 Kxf6 42. Rxc7 1-0

[Event "Anapa op-B"]
[Site "Anapa"]
[Date "2010.09.06"]
[Round "5"]
[White "Yermolenko, Vasily"]
[Black "Barannikov, Vladimir"]
[Result "1-0"]
[WhiteElo "2261"]
[BlackElo "2071"]
[PlyCount "71"]
[EventDate "2010.08.31"]
[EventType "swiss"]
[EventRounds "9"]
[EventCountry "RUS"]
[SourceTitle "EXT 2013"]
[Source "ChessBase"]
[SourceDate "2012.11.22"]
[SourceVersion "1"]
[SourceVersionDate "2012.11.22"]
[SourceQuality "1"]

1. e4 c5 2. Nc3 Nc6 3. f4 d6 4. Nf3 g6 5. Bb5 Bg7 6. d3 Bd7 7. 0-0 Nf6 8. Kh1 0-0 9. Bxc6 Bxc6 10. Qe1 e6 11. a4 a6 12. a5 b5 13. axb6 Qxb6 14. Ra2 Nd7 15. Bd2 Rfe8 16. b3 Qb7 17. Qh4 f5 18. Raa1 Bf6 19. Ng5 Nf8 20. Rae1 Qg7 21. e5 dxe5 22. fxe5 Bxe5 23. Na4 Bf6 24. Qf4 h6 25. Nf3 g5 26. Qd6 Rac8 27. Nb6 Rc7 28. Nc4 e5 29. Ba5 Rcc8 30. Ne3 g4 31. Nxf5 Qg6 32. Nxe5 Bxe5 33. Ne7+ Rxe7 34. Rxf8+ Kxf8 35. Qxg6 Rf7 36. Qe6 1-0

[Event "RUS-ch Students"]
[Site "Belgorod"]
[Date "2009.10.10"]
[Round "6"]
[White "Yermolenko, Vasily"]
[Black "Nazarian, Marina"]
[Result "1-0"]
[WhiteElo "2264"]
[BlackElo "1837"]
[PlyCount "107"]
[EventDate "2009.10.05"]
[EventType "swiss"]
[EventRounds "9"]
[EventCountry "RUS"]
[SourceTitle "EXT 2010"]
[Source "ChessBase"]
[SourceDate "2010.11.25"]
[SourceVersion "1"]
[SourceVersionDate "2010.11.25"]
[SourceQuality "1"]

1. e4 c5 2. Nc3 e6 3. Nge2 a6 4. g3 Nc6 5. Bg2 Nf6 6. 0-0 Be7 7. h3 0-0 8. d3 h6 9. Nf4 Nh7 10. Re1 d6 11. a3 Rb8 12. Rb1 b5 13. b4 Qc7 14. Bd2 Bb7 15. Nce2 Nd4 16. c3 Nxe2+ 17. Nxe2 e5 18. d4 c4 19. a4 Nf6 20. Qc2 Nd7 21. Ra1 Ra8 22. Be3 Nb6 23. a5 Nd7 24. d5 Kh7 25. Qd2 Rg8 26. f4 g5 27. Rf1 Raf8 28. Rf2 f6 29. Raf1 Qd8 30. Kh1 Qe8 31. fxe5 fxe5 32. g4 Rxf2 33. Bxf2 Nf6 34. Ng3 Bc8 35. Be3 Rf8 36. Qe2 Qg6 37. Bb6 Ne8 38. Bf3 Nf6 39. Kg2 Kg7 40. Qe3 Kh7 41. Rh1 Kg8 42. Bc7 Ne8 43. Bb8 Ng7 44. Qb6 Kh7 45. Nf5 Nxf5 46. gxf5 Qf6 47. Rf1 Rd8 48. Bh5 Qf8 49. Bc7 Rd7 50. f6 Bxf6 51. Bg4 Qe7 52. Bxd7 Qxd7 53. Rf3 Be7 54. Qc6 1-0

[Event "RUS-ch Students"]
[Site "Belgorod"]
[Date "2009.10.06"]
[Round "2"]
[White "Yermolenko, Vasily"]
[Black "Ivanov, Alexander Al"]
[Result "1/2-1/2"]
[WhiteElo "2264"]
[BlackElo "2503"]
[PlyCount "182"]
[EventDate "2009.10.05"]
[EventType "swiss"]
[EventRounds "9"]
[EventCountry "RUS"]
[SourceTitle "EXT 2010"]
[Source "ChessBase"]
[SourceDate "2010.11.25"]
[SourceVersion "1"]
[SourceVersionDate "2010.11.25"]
[SourceQuality "1"]

1. e4 d6 2. d4 Nf6 3. Nc3 c6 4. f4 Qa5 5. e5 Ne4 6. Bd3 f5 7. Nge2 d5 8. 0-0 e6 9. Bd2 Nxd2 10. Qxd2 c5 11. dxc5 Bxc5+ 12. Kh1 Bd7 13. a3 Qb6 14. b4 Be7 15. Qe1 Nc6 16. Qf2 Qxf2 17. Rxf2 Rc8 18. Rff1 g5 19. Rae1 gxf4 20. Nxf4 Nxb4 21. axb4 Rxc3 22. Ra1 a6 23. b5 axb5 24. Ra8+ Bd8 25. Rb1 Kf7 26. Rb8 Rc7 27. g3 Bf6 28. Rxh8 Bxh8 29. Re1 h6 30. Bxf5 d4 31. Bg6+ Ke7 32. Bd3 Bg7 33. Kg2 Be8 34. Ng6+ Kd8 35. Kf3 Rc5 36. Kf4 b4 37. g4 b3 38. cxb3 Rc3 39. Be4 Rxb3 40. Rd1 Rb4 41. Nh4 Bc6 42. Nf3 Bxe4 43. Kxe4 d3+ 44. Kxd3 Rxg4 45. Ke3+ Kc7 46. Rd6 Rg6 47. Kf4 h5 48. h3 Bh6+ 49. Ke4 Bf8 50. Rd3 b6 51. Nd4 Bc5 52. Nb5+ Kc6 53. Na7+ Kb7 54. Nb5 h4 55. Kf4 Rg7 56. Nd6+ Kc6 57. Ne4 Rg1 58. Ng5 Rf1+ 59. Ke4 Re1+ 60. Kf4 Bf2 61. Ne4 Bc5 62. Ng5 b5 63. Nxe6 b4 64. Ng5 Rf1+ 65. Nf3 Kb5 66. Ke4 Rf2 67. Kd5 Re2 68. Nd2 Be7 69. Nb3 Ka4 70. Nd4 Re1 71. Ke6 Bc5 72. Nb3 Bf8 73. Kf7 Rxe5 74. Kxf8 Rg5 75. Kf7 Rg3 76. Nc1 Kb5 77. Kf6 Kc4 78. Rd8 Rxh3 79. Rc8+ Kd4 80. Kg5 Rh1 81. Kg4 Ke3 82. Nb3 h3 83. Kg3 h2 84. Nc5 Kd4 85. Kg2 Re1 86. Nb3+ Kd5 87. Kxh2 Re3 88. Nc1 Ra3 89. Kg2 Ra1 90. Kf3 Ra3+ 91. Ke2 Rc3 1/2-1/2

[Event "RUS-chT U26"]
[Site "Belgorod"]
[Date "2008.10.11"]
[Round "7"]
[White "Yermolenko, Vasily"]
[Black "Airapetian, Gor"]
[Result "0-1"]
[WhiteElo "2244"]
[BlackElo "2378"]
[PlyCount "116"]
[EventDate "2008.10.05"]
[EventType "team"]
[EventRounds "9"]
[EventCountry "RUS"]
[SourceTitle "EXT 2010"]
[Source "ChessBase"]
[SourceDate "2010.11.25"]
[SourceVersion "1"]
[SourceVersionDate "2010.11.25"]
[SourceQuality "1"]

1. e4 e6 2. d4 d5 3. Nc3 Nf6 4. e5 Nfd7 5. f4 c5 6. Nf3 Nc6 7. Be3 a6 8. Qd2 b5 9. Bd3 b4 10. Nd1 Qb6 11. dxc5 Bxc5 12. 0-0 a5 13. Kh1 Ba6 14. Bxc5 Nxc5 15. Nf2 Ne7 16. Bxa6 Qxa6 17. Nd4 0-0 18. Rfe1 Qb6 19. Qe3 Rfc8 20. Rad1 Na4 21. Qb3 Nc6 22. Nxc6 Qxc6 23. Rd2 Nb6 24. Rde2 Qc4 25. Qe3 d4 26. Qe4 Qxa2 27. Qxd4 Nd5 28. Nd3 Qc4 29. Qxc4 Rxc4 30. g3 Rac8 31. Rc1 h6 32. Ne1 b3 33. c3 Ra4 34. Nd3 Rcc4 35. Ree1 g5 36. fxg5 hxg5 37. Ra1 Rxa1 38. Rxa1 a4 39. Nb4 Re4 40. Rxa4 Nxc3 41. Ra1 Rxb4 42. bxc3 Rc4 43. Rc1 Kg7 44. Kg2 Kg6 45. Kf2 Kf5 46. Ke2 b2 47. Rb1 Rxc3 48. Rxb2 Kxe5 49. Kf2 f5 50. Kg2 Kd4 51. h4 gxh4 52. gxh4 Ke5 53. Rb8 Kf6 54. Rg8 Kf7 55. Rg5 Rc8 56. Kg3 Rg8 57. Kf4 Rxg5 58. Kxg5 Kg7 0-1

[Event "RUS-chT U26"]
[Site "Belgorod"]
[Date "2008.10.06"]
[Round "2"]
[White "Yermolenko, Vasily"]
[Black "Novikov, Stanislav"]
[Result "0-1"]
[WhiteElo "2244"]
[BlackElo "2523"]
[PlyCount "49"]
[EventDate "2008.10.05"]
[EventType "team"]
[EventRounds "9"]
[EventCountry "RUS"]
[SourceTitle "EXT 2010"]
[Source "ChessBase"]
[SourceDate "2010.11.25"]
[SourceVersion "1"]
[SourceVersionDate "2010.11.25"]
[SourceQuality "1"]

1. e4 c5 2. Nc3 Nc6 3. f4 g6 4. Nf3 Bg7 5. Bb5 Nd4 6. Bd3 d6 7. Nxd4 cxd4 8. Ne2 Nf6 9. b3 0-0 10. Bb2 e5 11. 0-0 Re8 12. Qe1 Bd7 13. Qh4 Bc6 14. Ng3 Nd7 15. Qxd8 Raxd8 16. b4 exf4 17. Rxf4 Ne5 18. a4 a6 19. Bf1 d3 20. cxd3 Nxd3 21. Bxd3 Bxb2 22. Ra2 Be5 23. Rf3 d5 24. Kf1 dxe4 25. Nxe4 0-1